El gran bazar del ferrocarril (Record no. 186399)

MARC details
000 -LEADER
campo de control de longitud fija 00946nam a2200277 i 4500
001 - NÚMERO DE CONTROL
campo de control 186399
003 - IDENTIFICADOR DE NÚMERO DE CONTROL
campo de control SpMaBN
005 - FECHA Y HORA DE LA ÚLTIMA TRANSACCIÓN
campo de control 20250827041601.0
008 - DATOS DE LONGITUD FIJA--INFORMACIÓN GENERAL
campo de control de longitud fija 161107s1999 sp b |||| |dspa d
020 ## - NÚMERO INTERNACIONAL ESTÁNDAR DEL LIBRO
Número Internacional Estándar del Libro 84-406-8586-6
080 ## - NÚMERO DE LA CLASIFICACIÓN DECIMAL UNIVERSAL
Número de la Clasificación Decimal Universal 821.111(73)-992"19"
080 ## - NÚMERO DE LA CLASIFICACIÓN DECIMAL UNIVERSAL
Número de la Clasificación Decimal Universal 913(5)
100 1# - ENTRADA PRINCIPAL--NOMBRE DE PERSONA
Nombre de persona Theroux, Paul.
9 (RLIN) 109906
245 13 - MENCIÓN DEL TÍTULO
Título El gran bazar del ferrocarril
Resto del título : un viaje en tren por Turquía, Extremo Oriente y Siberia /
Mención de responsabilidad, etc. Paul Theroux ; [traducción, Juan Godó Costa].
250 ## - MENCION DE EDICION
Mención de edición 1ª ed.
260 ## - PUBLICACIÓN, DISTRIBUCIÓN, ETC.
Lugar de publicación, distribución, etc. Barcelona :
Nombre del editor, distribuidor, etc. Ediciones B,
Fecha de publicación, distribución, etc. 1999.
300 ## - DESCRIPCIÓN FÍSICA
Extensión 475 p. :
Otras características físicas 1 mapa ;
Dimensiones 19 cm.
490 1# - MENCIÓN DE SERIE
Mención de serie Biblioteca grandes viajeros
651 #4 - PUNTO DE ACCESO ADICIONAL DE MATERIA--NOMBRE GEOGRÁFICO
Nombre geográfico Turquía-
Subdivisión general Descripción
9 (RLIN) 150889
651 #4 - PUNTO DE ACCESO ADICIONAL DE MATERIA--NOMBRE GEOGRÁFICO
Nombre geográfico Asia-
Subdivisión general Descripción-
Subdivisión cronológica S.XX
9 (RLIN) 241788
700 1# - ENTRADA AGREGADA--NOMBRE PERSONAL
Nombre de persona Godo Costa, Juan.
9 (RLIN) 57532
830 00 - PUNTO DE ACCESO ADICIONAL DE SERIE-TÍTULO UNIFORME
Título uniforme Biblioteca grandes viajeros
9 (RLIN) 183745
852 ## - LOCALIZACIÓN
Ubicación ES-MaACL
Número de control de estantería L-30762
Nota libre . - Donat. Miguel A. Velasco
942 ## - ELEMENTOS DE ENTRADA SECUNDARIOS (KOHA)
Fuente del sistema de clasificación o colocación Clasificación decimal universal
Holdings
Estatus retirado Estado de pérdida Estado de daño No para préstamo Biblioteca de origen Biblioteca actual Ubicación en estantería Fecha de adquisición Fuente de adquisición Total de préstamos Signatura topográfica completa Código de barras Visto por última vez Precio de reemplazo Tipo de ítem Koha
        Biblioteca del Ateneo de Madrid Biblioteca del Ateneo de Madrid Depósito 2 07/11/2016     L-30762 1196557 23/02/2023 23/02/2023 Libro impreso